Supreme Court of Texas : indexes to dockets on microfiche, September 1983-August 1984 /

Bibliographic Details
Main Author: Neff, Rosemary
Corporate Author: Texas State Publications Clearinghouse
Format: Government Document Book
Language:English
Published: [Austin, Tex.] : The Clearinghouse, [1984]
Subjects:

MARC

Tag First Indicator Second Indicator Subfields
LEADER 00000cam a2200000 a 4500
001 in00001069298
005 20150929093023.0
008 841213s1984 txu i s00010 eng d
035 |a (OCoLC)11489664 
035 |9 AFM7660AM 
040 |a IKM  |c IKM  |d UtOrBLW 
049 |a IKMd 
086 |a L1900.8 Su76 1983/4  |2 txdocs 
099 9 |a L1900.8  |a Su76  |a 1983/4 
100 1 |a Neff, Rosemary. 
245 1 0 |a Supreme Court of Texas :  |b indexes to dockets on microfiche, September 1983-August 1984 /  |c compiled by Rosemary Neff ; prepared by Texas State Publications Clearinghouse, Texas State Library. 
264 1 |a [Austin, Tex.] :  |b The Clearinghouse,  |c [1984] 
300 |a 82 pages ;  |c 28 cm. 
336 |a text  |b txt  |2 rdacontent 
337 |a unmediated  |b n  |2 rdamedia 
338 |a volume  |b nc  |2 rdacarrier 
500 |a Cover title: Supreme Court of Texas: indexes to dockets on microfiche 1983-84. 
610 1 0 |a Texas.  |b Supreme Court. 
650 0 |a Law reports, digests, etc.  |z Texas  |x Indexes. 
650 0 |a Law  |z Texas  |x Cases  |x Indexes. 
710 2 |a Texas State Publications Clearinghouse. 
999 |a MARS 
999 f f |s 983a74e4-2761-3d98-9beb-412e2fcdf68a  |i 2512c71a-120f-3b9d-92e1-5141960d5a2e  |t 0 
952 f f |p normal  |a Texas A&M University  |b College Station  |c Sterling C. Evans Library  |d Evans: Texas Documents (Annex 5th floor)  |t 0  |e L1900.8 Su76 1983/4  |h Other scheme  |i unmediated -- volume  |m A14815246406 
998 f f |a L1900.8 Su76 1983/4  |t 0  |l Evans: Texas Documents (Annex 5th floor)